| 000 | 01063nam a2200229Ia 4500 | ||
|---|---|---|---|
| 003 | Ost | ||
| 005 | 20260507075558.0 | ||
| 008 | 260507s9999||||xx |||||||||||||| ||und|| | ||
| 040 | _cfsecg | ||
| 041 | _aara | ||
| 082 | _a330 | ||
| 100 |
_aالعلاق، بشير _eمؤلف |
||
| 245 | 0 |
_aاستراتيجيات التسويق / _c بشير العلاق |
|
| 260 |
_aعمان: _bدار زهران للنشر والتوزيع, _c1998 |
||
| 300 |
_a300 صفحة؛ _c24 سم |
||
| 504 | _aمراجع ص.295 | ||
| 520 | _aاساسيات الادارة الاستراتيجية اضافة الى اختيار الاستراتيجية على مستوى المنظمة, و كذا الاستراتيجيات السوقية, استراتيجيات المنتجات, استراتيجيات التسعير, استراتيجية التوزيع و في الاخير استراتيجية الترويج. | ||
| 653 | _aاستراتيجيات التسويق | ||
| 653 | _aالاستراتيجيات التنافسية | ||
| 653 | _aالتسويق | ||
| 942 | _cكتاب | ||
| 999 |
_c44983 _d44983 |
||